000 00579cam a2200193u 4500
001 9619343
005 20180126082724.0
008 821001m19071912nyuacf 000 0 eng
010 _a 07041533
040 _aDLC
_cCarP
_dDLC
041 _aeng
080 _a941
082 _2941 DOC
100 1 _a16
101 _aHIS
245 0 2 _aA history of nursing;
906 _a0
_bcbc
_cpremunv
_du
_encip
_f19
_gy-gencatlg
942 _2ddc
_cBK
999 _c41020
_d41020